Role play /

Bibliographic Details
Main Author: Ladousse, Gillian Porter
Format: Book
Language:English
Published: Oxford ; New York : Oxford University Press, 1987.
Series:Resource books for teachers.
Subjects:

MARC

Tag First Indicator Second Indicator Subfields
LEADER 00000cam a2200000 a 4500
001 in00000019876
005 20151007053741.0
008 870611s1987 enka b 00010 eng d
020 |a 019437095X 
035 |a (OCoLC)15905693 
035 |9 AAB2706AM 
040 |a EAC  |c EAC  |d m/c  |d TXA  |d UtOrBLW 
049 |a TXAM  |c [A12643421] 
050 4 |a LB1029.R6  |b L33 1987 
100 1 |a Ladousse, Gillian Porter. 
245 1 0 |a Role play /  |c Gillian Porter Larousse. 
264 1 |a Oxford ;  |a New York :  |b Oxford University Press,  |c 1987. 
300 |a 181 pages :  |b illustrations ;  |c 25 cm. 
336 |a text  |b txt  |2 rdacontent 
337 |a unmediated  |b n  |2 rdamedia 
338 |a volume  |b nc  |2 rdacarrier 
490 1 |a Resource books for teachers 
504 |a Bibliography: pages 178-181. 
650 0 |a English language  |x Study and teaching. 
650 0 |a Drama in education. 
650 0 |a Role playing. 
830 0 |a Resource books for teachers. 
999 |a MARS 
999 f f |s fcdba36f-6f98-3527-9b7a-c0ea754f3fff  |i bb6bc4ea-c59f-37ee-a5e7-bcd17407e7a8  |t 0 
952 f f |p normal  |a Texas A&M University  |b College Station  |c Sterling C. Evans Library  |d Evans: Library Stacks  |t 0  |e LB1029.R6 L33 1987  |h Library of Congress classification  |i unmediated -- volume  |m A14812643421 
998 f f |a LB1029.R6 L33 1987  |t 0  |l Evans: Library Stacks